1487 1495 1284 1027 1572 1385 1405 1360 1493 1615 1587 1830 1484 1329 1650 1923 1981 1952 1986 1358 1843 1649 1094 1917 1614 1312 1990 1850 1603 1820 1774 1390 1158 1019 1319 1703 1120 1410 1360 1802 1859 1175 1256 1322 1203 1111 1883 1732 1842 1186 1129 1323 1240 1465 1059 1574 1381 1767 1774 1496 1229 1955 1108 1154 1439 1112 1229 1819 1169 1069 1552 1146 1393 1570 1001 1144 1674 1344 1786 1734 1839 1794 1281 1538 1897 1679 1251 1381 1739 1811 1016 1972 1054 1473 1814 1065 1051 1720 1471 BCNSPRNW ULIB Ver.6.0+V

เปลี่ยนเป็นภาษาไทย

Change to English
 แสดงรายละเอียดบรรณานุกรม
  กลับหน้าหลัก

Brief Record : Get Marc (ISO 2709) : E-mail record : QR code < ปิดหน้าต่าง
LEADER : 00000nam 2200000uu 4500
001    13399113160
003     ULIB
008    110929s2552||||th 000 0 tha d
020    9789743005848
050  4 QA76.9^bส773ซ 2552
100 0  สุทธิพันธุ์ แสนละเอียด
245 10 ซ่อมและกู้ฮาร์ดดิสก์ สไตล์ช่างพันธุ์ทิพย์ /^cwriter สุทธิพันธุ์ แสนละเอียด, จีราวุธ วารินทร์
260    นนทบุรี :^bไอดีซี,^c2552
300    iv, 262 หน้า :^bภาพประกอบ ;^c22 ซม.
650  4 การจัดการฮาร์ดดิสก์
650  4 คอมพิวเตอร์^xการบำรุงรักษาและการซ่อมแซม
650  4 ฮาร์ดดิสก์
945    ^p145^l0^i027326
945    ^p145^l0^i027327
995    ทศพร
999 ^a ทศพร
รายการนี้ยังไม่มีแท็ก
คุณยังไม่ได้ล็อกอิน คุณสามารถมีกิจกรรมร่วมกับเว็บไซต์ได้ แต่ต้องล็อกอินก่อน ::
  ล็อกอิน

รายการสื่อสารสนเทศ

ลำดับที่ ประเภท เลขเรียก/บาร์โค้ด สถานที่ สถานะ
- ไม่พบข้อมูล -

รายการใกล้เคียง
    หัวเรื่อง [การจัดการฮาร์ดดิสก์]
    หัวเรื่อง [คอมพิวเตอร์ การบำรุงรักษาและการซ่อมแซม]
    หัวเรื่อง [ฮาร์ดดิสก์]

BibComment


ยังไม่เคยถูกคอมเมนท์

คอมเมนท์ทรัพยากรรายการนี้
  คอมเมนท์: ซ่อมและกู้ฮาร์ดดิ..


 Copyright 2026. Bcnsprnw @Library